000 03414nab a2200349 i 4500
003 BR-BrBNA
005 20240826132305.0
008 240826b2018 bl.|r|pooa||| 00| 0 eng |
040 _aBR-BrBNA
_beng
072 _aL73
_b5300
072 _aL70
100 _aVilanova, L.F.L.S.
100 _aRigueira, L.L.
100 _aPerecmanis, S.
245 _aSeroprevalence of hepatitis E virus infection in domestic pigs in the Federal District, Brazil
500 _aPublicação online; 28 ref.; 3 tables; Summaries (En, Pt)
520 _a ABSTRACT - Hepatitis E is caused by the hepatitis E virus (HEV) which is currently known to be a zoonotic pathogen transmitted by pigs. In Brazil, there is no information about the circulation of HEV in the swine herd of the Federal District. Therefore, a cross-sectional study was performed with sera from 449 domestic pigs, provided by the Secretary of Agriculture of the Federal District. Blood samples were collected between June and September 2014. A commercially available ELISA kit was used for the detection of IgG antibodies. High seroprevalence of antibodies to HEV was found, since 304 animals showed anti-HEV positive reactions (67.7%; 95% CI = 63.2%, 71.9%). The seropositivity presented no difference by gender or age. The results suggest that HEV circulates among domestic pigs in the Federal District and it can serve as a warning to the local public health system due to their possible involvement in human infections. Keywords: hepatitis E, swine, Federal District, Brazil
520 _a RESUMO - A hepatite E é causada pelo vírus da hepatite E (HEV), considerado um patógeno de transmissão zoonótica que tem suínos como reservatórios. No Brasil, não há informações a respeito da circulação do HEV no rebanho suíno do Distrito Federal. Por isso, foi conduzido um estudo transversal com amostras de soro de 449 suínos domésticos provenientes de 234 propriedades, cedidas pela Secretaria de Agricultura do Distrito Federal. As amostras sanguíneas foram coletadas entre junho e setembro de 2014. Um kit de ELISA comercialmente disponível foi utilizado para a detecção sorológica de anticorpos IgG contra o HEV. Foi encontrada uma alta soroprevalência de anticorpos contra o HEV, uma vez que 304 animais apresentaram amostras reagentes (67,7%, IC 95% = 63,2%, 71,9%). A soropositividade não variou com relação ao gênero ou à idade. Os resultados sugerem que o HEV circula entre os suínos domésticos no Distrito Federal, e isso pode servir como um alerta para o sistema de saúde pública da região devido ao possível envolvimento desses animais em infecções humanas. Palavras-chave: hepatite E, suínos, Distrito Federal, Brasil
650 _aSUÍNO
650 _aHEPATITE
650 _aDOENÇA ANIMAL
650 _aVÍRUS
650 _aANÁLISE QUÍMICA
650 _aANTICORPO
650 _aVETERINÁRIA PREVENTIVA
650 _aSAÚDE PÚBLICA
650 _aDISTRITO FEDERAL
773 0 _01643
_9317355
_dBelo Horizonte-MG Universidade Federal de Minas Gerais - Escola de Veterinaria 1983
_o2024-4007
_tArquivo Brasileiro de Medicina Veterinária e Zootecnia (Brazil)
_x0102-0935
_gv. 70(2) p. 469-474; (2018)
_wBR2024002326
856 _uhttps://www.scielo.br/j/abmvz/a/ByPQxLHDnKS4bzNcFTY46Pv/?format=pdf&lang=en
942 _cAnalítica
999 _c301024
_d301024